000 00614nam a22001937a 4500
008 160806b xxu||||| |||| 00| 0 eng d
020 _a9780071279475
082 _22008
_aDC 657.45
_bW58p
100 _912396
_aWhittington, O. Ray
245 _aPrinciples of auditing & other assurance services/
_cO. Ray Whittington and Kurt Pany.
250 _a16th edition
260 _aBoston:
_bMcGraw-Hill,
_cc2008.
300 _axxx, 847 pages:
_billustrations;
_c26 cm.
500 _aIncludes index.
650 0 _912397
_aAuditing
700 _912398
_aPany, Kurt
_eAuthor
365 _aPhp
_b3292.00
942 _2ddc
_cDC
999 _c3722
_d3722